00721nam a2200181 a 450000100100000000500170001000800410002704000250006808200160009310000280010924500580013726000390019530000280023459000260026295201140028895201200040299900170052200002689520200930030457.0110328s1990 dr a 000 0 spa d aDO-SdBNPbspacBNPHU axxxxbM343m1 aMarizán, Jaime95400410aMeditación :bmanual práctico /cJaime Marizán. aSanto Domingo :bCorazón,c1990. a108 p. :bil. ;c21 cm. aInventariado, 2018/VM 0010718PDaPDbPDcHDd2011-03-28iLF1l0oxxxx M343mp26895-10r2020-06-25w2020-06-25yLFPDZNo se presta 0010718PDaPDbPDcHDd2018-05-10iLF1l0oxxxx M343mp26895-20r2020-06-25te. 2w2020-06-25yLFPDZNo se presta c26387d26387